Từ điển danh nhân thế giới : Dùng cho nhà trường
Spremljeno u:
| Glavni autor: | |
|---|---|
| Format: | Knjiga |
| Jezik: | Undetermined |
| Izdano: |
Hà Nội
Giáo dục
2003
|
| Teme: | |
| Oznake: |
Dodaj oznaku
Bez oznaka, Budi prvi tko označuje ovaj zapis!
|
| Thư viện lưu trữ: | Trung tâm Học liệu Trường Đại học Cần Thơ |
|---|
| LEADER | 00598nam a2200217Ia 4500 | ||
|---|---|---|---|
| 001 | CTU_90796 | ||
| 008 | 210402s9999 xx 000 0 und d | ||
| 020 | |c 32000 | ||
| 082 | |a 920.3 | ||
| 082 | |b Kh106/T1 | ||
| 100 | |a Nguyễn Văn Khang | ||
| 245 | 0 | |a Từ điển danh nhân thế giới : | |
| 245 | 0 | |b Dùng cho nhà trường | |
| 245 | 0 | |c Nguyễn Văn Khang | |
| 260 | |a Hà Nội | ||
| 260 | |b Giáo dục | ||
| 260 | |c 2003 | ||
| 650 | |a celebrities | ||
| 650 | |x dictionary | ||
| 904 | |i Trúc | ||
| 980 | |a Trung tâm Học liệu Trường Đại học Cần Thơ | ||